Entrepreneurship: An Introduction (Record no. 3031)

MARC details
005 - DATE AND TIME OF LATEST TRANSACTION
control field 20250602134940.0
020 ## - INTERNATIONAL STANDARD BOOK NUMBER
International Standard Book Number 978-81-315-1614-0
100 ## - MAIN ENTRY--PERSONAL NAME
Author name KURATCO, D.F
245 ## - TITLE STATEMENT
Title Entrepreneurship: An Introduction
250 ## - EDITION STATEMENT
Edition statement 8th Ed.
260 ## - PUBLICATION, DISTRIBUTION, ETC.
Place of publication, distribution, etc. New Delhi
Name of publisher, distributor, etc. Cengage Learning
Date of publication, distribution, etc. 2011
300 ## - PHYSICAL DESCRIPTION
Extent 556p.: ill; graphs, tables.
Other physical details Glossary & Index
Dimensions 25.4 cm
942 ## - ADDED ENTRY ELEMENTS (KOHA)
Source of classification or shelving scheme Dewey Decimal Classification
Koha item type Books
Holdings
Date last seen Total checkouts Full call number Barcode Cost, replacement price Price effective from Koha item type Lost status Source of classification or shelving scheme Damaged status Not for loan Withdrawn status Home library Current library Shelving location Date acquired Source of acquisition Cost, normal purchase price
06/02/2025   658.041 KUR MBY00088 120000.00 06/02/2025 Books   Dewey Decimal Classification       CBE MBEYA CBE MBEYA Special Reserve Collection 06/22/2022 PURCHASE 40000.00
06/23/2025   658.41 KFD MBY000282 120000.00 06/23/2025 Books   Dewey Decimal Classification       CBE MBEYA CBE MBEYA General Collection 06/22/2022 Purchase 40000.00